Statistiques concernant Quiz mythologique: Zeus.

Cliquez ici pour prendre le quiz!

Statistiques générales

  • Ce quiz a été pris 659 fois
  • Le résultat moyen est 10 sur 15

Statistiques - réponses

QuestionsRéponses% Correct
Nom romainJupiter
97%
FemmeHéra
93%
De quoi Zeus est-il le dieu?Roi des dieux | Ciel | Foudre
91%
PèreCronos
88%
Quel est son principal attribut?Foudre
84%
Quelle déesse serait sortie de la tête de Jupiter après qu'il en eu avalé la mère?Athéna
83%
Nommez un des enfants qu'il a eu avec Léto.Artémis | Apollon
71%
Quel animal le symbolise?Aigle
68%
Quelles divinités renversa-t-il afin de débuter son règne?Titans
68%
Nommez un de ses enfants légitimeArès | Héphaïstos | Hébé | Ilithyie | Angélos
65%
Par quel arbre est-il représenté?Chêne
62%
MèreRhéa
53%
Laquelle de ses maîtresse transforma-t-il en génisse?Io
50%
En quelle animal se métamorphosa-t-il pour séduire la mortelle Léda?Cygne
40%
Par quelle chèvre fût-il nourrit durant son enfance ?Amalthée
17%

Distribution des résultats

Percentile par nombre de réponses

% des personnes avec chaque résultat

Votre développement - résultats

Vous n’avez pas pris ce quiz